University Home | Library Home | Institutional Repository

Polices for industrial progress in developing countries. (Record no. 8515)

MARC details
000 -LEADER
fixed length control field 00629cam8a220021700 4500
001 - CONTROL NUMBER
control field zam00003483
008 - FIXED-LENGTH DATA ELEMENTS--GENERAL INFORMATION
fixed length control field 951128s1980 xx eng u
035 ## - SYSTEM CONTROL NUMBER
System control number (Sirsi) r20810
035 ## - SYSTEM CONTROL NUMBER
System control number (MACHINE)SLC.
100 ## - MAIN ENTRY--PERSONAL NAME
Personal name Cody, J.
Linkage A82296.1
245 10 - TITLE STATEMENT
Title Polices for industrial progress in developing countries.
260 ## - PUBLICATION, DISTRIBUTION, ETC.
Date of publication, distribution, etc. 1980.
591 ## -
-- Class code: DS 950.
591 ## -
-- Course: Industralisation and development.
591 ## -
-- School: S05.
591 ## -
-- Lecturer: Mr. IMBOELA, L.B.
591 ## -
-- Number of Students: 50.
949 ## - LOCAL PROCESSING INFORMATION (OCLC)
a HC59.7
w lcc
m MAIN
p 2500
t SHORTLOAN
l SHORTLOAN
909 ## -
-- Book
Holdings
Withdrawn status Lost status Source of classification or shelving scheme Damaged status Not for loan Home library Current library Shelving location Total Checkouts Full call number Barcode Date last seen Copy number Price effective from Koha item type
    Library of Congress Classification     Main Library Main Library Academic reserves/Short loan   HC59.7 67143-1001 08/12/2019 1 08/12/2019 Short Loan material
© 2026 - The University of Zambia Library - Koha v25.11